000 01350cad a22002535a 4500
001 L154840
008 120123s2012 xxk f 000 0 eng d
020 _a9781842197073
035 _a(Sirsi) u154840
041 0 _aeng
050 0 4 _a333.0062 $1 8
110 2 _aRoyal Institution of Chartered Surveyors
_94900
245 0 0 _aConflicts of interest
_h[electronic resource]
260 _aCoventry
_bRICS
_c2012
490 0 _aRICS Guidance Note
520 _aBased upon the law and practice in England, Wales and Northern Ireland, this guidance note provides advice to surveyors who are appointed to resolve disputes, either by the President of RICS or directly by the parties to a dispute, on dealing with conflicts of interest and involvements. It also seeks to inform the disputing parties and others involved in the dispute resolution process as to the relevant considerations and the procedures likely to be followed.
520 _aFrom 1 January 2018 superseded by Conflicts of interest, global Professional Statement 1st ed 2017 L159399
590 _aKA
651 4 _aEngland and Wales
_y1543-
651 4 _aNorthern Ireland
_y2007-
690 _aDispute resolution
_96236
856 4 0 _uhttps://www.rics.org/profession-standards/knowledge-and-information-services
_zPlease email [email protected] to request a copy
942 _n0
_2ddc
999 _c113188
_d113188